000 00375nam a2200121Ia 4500
008 170224s9999 xx 000 0 und d
245 _aEffects of speech on proofreading: Can task-engagement manipulations shield against distraction?
260 _bJournal of Experimental Psychology: Applied
260 _c2014
300 _a20:1
500 _aMarch
650 _xPsychology.
999 _c316470
_d316470